00680nam a22001697a 450000500170000001000120001702000260002903700240005508200110007924501620009026000420025227001230029430000200041770000240043770000290046170000200049020260303113954.0 aBACEN26 a9789347303937c980.00 bBharti Publications a347.54 a75 Years Of The Supreme Court Of India:bUpholding Democracy And Delivering Justice/cedited by Naresh Kumar Vats, Deepalakshmi Vadivelan {and} Aditya Mishra aNew Delhi bBharti Publicationsc2025 a4819/24, 2nd Floor, Mathur Lane Ansari, Road, Darya GanjbNew Delhi e110002k9899897381mbhartipublications@gmail.com a218p.c22cm(Hb) aVats, Naresh Kumar  aVadivelan, Deepalakshmi  aMishra,Aditya